Studio 100 personages voor beginners - Statistieken

Algemene statistieken
  • Deze quiz is 76 keer genomen
  • De gemiddelde score is 71 van 163
Antwoordstatistieken
Productie Personages % Correct
Samson & Gert Gert
98%
Campus 12 Sam Hendrickx
97%
Samson & Gert | Samson & Marie Samson
95%
Kabouter Plop Kabouter Plop
90%
Campus 12 Bo De Smidt
87%
Mega Mindy Mega Toby / Agent Toby
87%
Bumba Bumba
85%
De Wereld van K3 | Hallo K3 Karen Damen
85%
Piet Piraat Piet Piraat
85%
Big & Betsy Betsy
84%
Big & Betsy Big
84%
Maya De Bij Maya
84%
Mega Mindy Mega Mindy / Mieke Fonkel
84%
Wizzy & Woppy Wizzy
84%
Wizzy & Woppy Woppy
84%
Bobo Bobo
82%
Heidi Heidi
82%
Spring Jo De Klein / Johan De Klein
82%
Kabouter Plop Kabouter Kwebbel
82%
Kabouter Plop Kabouter Lui
82%
Wickie de Viking Wickie
82%
Kabouter Plop Kabouter Klus
80%
De Wereld van K3 | Hallo K3 Kristel Verbeke
80%
Dobus Dobus
79%
De Wereld van K3 | Hallo K3 Josje Huisman
79%
Samson & Marie Marie
79%
De Wereld van K3 Kathleen Aerts
77%
Samson & Marie Meneer De Burgemeester
75%
Samson & Gert Modest / Meneer De Burgemeester
75%
Amika Amika
72%
Piet Piraat Steven Stil
72%
ROX Xavier
72%
Spring Xavier Lejeune
72%
K3 Roller Disco Klaasje Meijer
70%
K3 Roller Disco Marthe De Pillecyn
70%
Amika Olivier De La Fayette / OIi De La Fayette
70%
Mega Mindy Opa Fonkel
70%
Campus 12 Hanne Dubois
69%
K3 Roller Disco Hanne Verbruggen
69%
ROX Olivia
69%
Flin & Flo Flin
67%
Flin & Flo Flo
67%
ROX Rick
67%
ROX ROX
67%
Piet Piraat Stien Struis
67%
Piet Piraat Berend Brokkenpap
66%
Mega Mindy Oma Fonkel
66%
Lolly Lolbroek Lolly Lolbroek
64%
Samson & Gert | Samson & Marie Albert Vermeersch / Alberto Vermicelli
59%
Kosmoo Kosmoo
59%
Bol & Smik Bol
57%
Hallo K3 | K3 Roller Disco Marcel
57%
Bol & Smik Smik
57%
Amika Merel De Ridder
54%
Het Huis Anubis Mick Zeelenberg
54%
Samson & Gert Octaaf De Bolle
54%
Bumba Bumbalu
52%
Mega Mindy Commissaris Emiel Migrain
52%
Mega Mindy Commissaris Kamiel Migrain
52%
Samson & Gert | Samson & Marie Eugène Van Leemhuyzen
51%
Amika Jan Zanders
51%
Ghost Rockers Jonas Van Loo
48%
Ghost Rockers Mila Santiago
48%
Prinsessia Prinses Roos
46%
Wizzy & Woppy Kasha
43%
Het Huis Anubis Nienke Martens
43%
Prinsessia Prinses Violet
43%
Het Huis Anubis Amber Rosenbergh
41%
Ghost Rockers Charlotte Timmermans / Charlie Timmermans
41%
Nachtwacht Vladimir
41%
Spring Pieter Van Asten
39%
Prinsessia Prinses Madeliefje
39%
Ghost Rockers Alexander De Coninck / Alex De Coninck
38%
Het Huis Anubis Appie Tayibi
38%
Wizzy & Woppy Dongo
38%
Nachtwacht Wilko
38%
Maya De Bij Willy
38%
Spring Evert Van Bellum
36%
Het Huis Anubis Fabian Ruitenburg
36%
Prinsessia Prinses Iris
36%
Het Huis Anubis Victor Emanuel Roodenmaar
36%
Het Huis Anubis Jeroen Cornelissen
34%
Het Huis Anubis Joyce Van Bodegraven
34%
Nachtwacht Keelin
34%
Het Huis Anubis Patricia Soeters
34%
Ghost Rockers Jimmy O'Hara
33%
Het Huis Anubis Noa Van Rijn
33%
Prinsessia Prinses Linde
33%
Samson & Gert Jeannine De Bolle
31%
Dobus Mina
31%
Galaxy Park Oswald Vermeyen
31%
Big & Betsy Pieter Paul Pruim
31%
Galaxy Park Stef / Exo 7
31%
Big & Betsy Boer Janus
30%
Big & Betsy Agent Suikerbuik
28%
Bumba Bumbina
28%
Galaxy Park Diederik Bakker / Didi
28%
Galaxy Park Paula Coppens
28%
Dobus Sollie
28%
Jabaloe Joe Jabaloe
26%
Galaxy Park Mellanie Degeyn / Mel
26%
Jabaloe Moe Jabaloe
26%
Samson & Marie Brandweerman Bill
25%
Spring Katrijn Van Asten
25%
Bumba Kiwi de vogel
25%
Het Huis Anubis Mara Sabri
25%
Nachtwacht Vega
25%
Heidi Peter
23%
Spring Tina Smolders / Tien Smolders
23%
Galaxy Park Femke Goossens
21%
Maya De Bij Flip de Sprinkhaan
21%
Spring Chantal Goegebuer
20%
Bobo Tjerk
20%
Wickie de Viking Halvar
18%
Bobo Krabbel
18%
Amika Marie-Claire De La Fayette
18%
Jabaloe Sheriff Jack
18%
Bumba Babilu
16%
Bumba Nanadu de beer
16%
Kosmoo Robbe Williams
16%
K3 Roller Disco DJ Guus
15%
Lolly Lolbroek Marx
15%
Gamekeepers Mats
15%
Jabaloe Slampie
15%
Big & Betsy Theresa Pruim
15%
Wickie de Viking Vreselijke Sven / Hagar de Verschrikkelijke
15%
Jabaloe Bessy
13%
Lolly Lolbroek Kara
13%
Spring David Vercouteren
11%
Kosmoo Ellis Andersen
11%
Spring Evi De Bie
11%
Amika Gringo Van Den Broucke
11%
Amika Herbert De La Fayette
11%
Spring Maggy Lejeune
11%
Campus 12 Noah De Smidt
11%
Gamekeepers Sari
11%
Jabaloe Twinkly
11%
Wickie de Viking Ylvi
11%
Samson & Marie Bakkerin Florentine
10%
Amika Chanel Van de Panhuyzen
10%
Spring Pia Bertels-Deroover
10%
Amika Casper Cox
8%
Campus 12 Dante De Smidt
8%
Campus 12 Frederic Vincke
8%
Campus 12 Louise Vincke
8%
Amika Marie-Louise De La Fayette
8%
Heidi Opa Alp
8%
Amika Tijs De Ridder
8%
Wickie de Viking Ylva
8%
Campus 12 Emilie Bello
7%
Samson & Marie Kunstenares Trees
7%
Campus 12 Ward De Smidt
7%
Amika Hedwig van Hilst
5%
Campus 12 Celeste Vincke
3%
Heidi Joseph
3%
Samson & Marie Turnleraar Tarik
3%
Geen overeenkomende quizzen gevonden
Scoreverdeling
Procent van Mensen met Elke Score
Percentiel versus Aantal Correcte Antwoorden
Uw Scoregeschiedenis
U heeft deze quiz nog niet genomen